Shark attack. (Record no. 114719)
[ view plain ]
| 000 -LEADER | |
|---|---|
| fixed length control field | 00271nam a2200121 a 4500 |
| 001 - CONTROL NUMBER | |
| control field | 4140 |
| 005 - DATE AND TIME OF LATEST TRANSACTION | |
| control field | 20140414132110.0 |
| 008 - FIXED-LENGTH DATA ELEMENTS--GENERAL INFORMATION | |
| fixed length control field | 090218s19uu xx 00 eng d |
| 050 ## - LIBRARY OF CONGRESS CALL NUMBER | |
| Classification number | M 597.3 |
| Item number | J12 2008 |
| 100 ## - MAIN ENTRY--PERSONAL NAME | |
| Personal name | Jackson, Tom |
| 245 ## - TITLE STATEMENT | |
| Title | Shark attack. |
| Withdrawn status | Lost status | Damaged status | Use restrictions | Home library | Current library | Shelving location | Date acquired | Source of acquisition | Cost, normal purchase price | Total Checkouts | Full call number | Barcode | Date last seen | Price effective from | Koha item type |
|---|---|---|---|---|---|---|---|---|---|---|---|---|---|---|---|
| Munich Library | Munich Library | Main Section | 05/13/2011 | 165.00 | M 597.3 J12 2008 | M6611 | 04/14/2014 | 04/14/2014 | Books |